Artforum international (Record no. 200001219)
[ view plain ]
| 000 -LEADER | |
|---|---|
| fixed length control field | 00869 a2200301 4500 |
| 001 - CONTROL NUMBER | |
| control field | 200001219 |
| 003 - CONTROL NUMBER IDENTIFIER | |
| control field | TR-AnTOB |
| 005 - DATE AND TIME OF LATEST TRANSACTION | |
| control field | 20230828101741.0 |
| 008 - FIXED-LENGTH DATA ELEMENTS--GENERAL INFORMATION | |
| fixed length control field | 160506d19829999xxuzn0p 0 1 |
| 022 ## - INTERNATIONAL STANDARD SERIAL NUMBER | |
| International Standard Serial Number | 1086-7058 |
| 040 ## - CATALOGING SOURCE | |
| Original cataloging agency | TR-AnTOB |
| Language of cataloging | eng |
| Transcribing agency | TR-AnTOB |
| Description conventions | rda |
| 041 ## - LANGUAGE CODE | |
| Language code of text/sound track or separate title | İngilizce |
| 050 14 - LIBRARY OF CONGRESS CALL NUMBER | |
| Classification number | N1. |
| Item number | A78 |
| 099 ## - LOCAL FREE-TEXT CALL NUMBER (OCLC) | |
| Classification number | JOURNAL - ARTF |
| 222 #0 - KEY TITLE | |
| Key title | Artforum |
| 245 00 - TITLE STATEMENT | |
| Title | Artforum international |
| 246 03 - VARYING FORM OF TITLE | |
| Title proper/short title | Art forum international |
| 260 ## - PUBLICATION, DISTRIBUTION, ETC. | |
| Place of publication, distribution, etc. | New York, N.Y. : |
| Name of publisher, distributor, etc. | Artforum International Magazine |
| 300 ## - PHYSICAL DESCRIPTION | |
| Extent | v. : |
| Other physical details | ill. ; |
| Dimensions | 26 cm |
| 310 ## - CURRENT PUBLICATION FREQUENCY | |
| Current publication frequency | Monthly (except July and Aug.) |
| 362 ## - DATES OF PUBLICATION AND/OR SEQUENTIAL DESIGNATION | |
| Dates of publication and/or sequential designation | Vol. 20, no. 9 (May 1982)- |
| 500 ## - GENERAL NOTE | |
| General note | Kütüphanedeki mevcutlar : v.46 (8) , 2008- |
| General note | Monthly-8 to 12 per year (Consecutive months). |
| 650 #0 - SUBJECT ADDED ENTRY--TOPICAL TERM | |
| Topical term or geographic name entry element | Art |
| Form subdivision | Periodicals |
| 9 (RLIN) | 64528 |
| 856 40 - ELECTRONIC LOCATION AND ACCESS | |
| Host name | http://artforum.com/back_issues/ |
| 942 ## - ADDED ENTRY ELEMENTS (KOHA) | |
| Koha item type | Continuing Resource |
| Source of classification or shelving scheme | Library of Congress Classification |
| Withdrawn status | Lost status | Not for loan | Collection code | Home library | Current library | Shelving location | Date acquired | Source of acquisition | Serial Enumeration / chronology | Total Checkouts | Total Holds | Full call number | Barcode | Copy number | Date shelved | Koha item type |
|---|---|---|---|---|---|---|---|---|---|---|---|---|---|---|---|---|
| Ödünç Verilebilir / Available | Süreli Yayınlar | Merkez Kütüphane | Merkez Kütüphane | Süreli Yayınlar Koleksiyonu / Periodicals Collection | 25/11/2010 | Satın Alma / Purchase | 49 | JOURNAL - ARTF | 9780256 | 1 | 25/11/2010 | Continuing Resource | ||||
| Ödünç Verilebilir / Available | Süreli Yayınlar | Merkez Kütüphane | Merkez Kütüphane | Süreli Yayınlar Koleksiyonu / Periodicals Collection | 23/12/2010 | Satın Alma / Purchase | 49 | JOURNAL - ARTF | 9780338 | 1 | 23/12/2010 | Continuing Resource |
